000 00583ntaaa2200193 4500
003 01
005 20251027201408.0
008 0714s1973 ag 01
040 _aAR-BaBN
_bspa
_cAR-BaBN
_eaacr
_dRIC
082 _a225.8230 Sco3
100 _aScott, E. F.
_95843
245 _aFourth Gospel; its purpose and theology.
250 _a1 ed. :
_bT. T. Clark,
_cc1906
300 _a379 p.
500 _a"A study of the theology of the Fourth Gospel from the literature of the New Testament."
650 _aTeologĂ­a-Nuevo Testamento-Juan
_9882
650 _aN.T.-Juan
_912431
942 _cBK
999 _c8474
_d8474